Možnosti financovania majetku podniku bakalárska práca

Gespeichert in:
Bibliographische Detailangaben
1. Verfasser: Pivková, Lucia
Körperschaft: Fakulta podnikového manažmentu EU. Katedra podnikovohospodárska
Weitere Verfasser: Littvová, Veronika
Format: Buch
Sprache:Slowakisch
Veröffentlicht: Bratislava 2013
Tags: Tag hinzufügen
Keine Tags, Fügen Sie das erste Tag hinzu!

MARC

LEADER 00000nbm a2200000 4500
001 0172859
005 20161109112121.3
041 0 |a slo 
044 |a SK 
245 1 0 |a Možnosti financovania majetku podniku  |b bakalárska práca  |c Lucia Pivková ; školiteľ: Veronika Littvová 
264 1 |a Bratislava  |c 2013 
300 |a 65 s. 
100 1 |a Pivková, Lucia 
700 1 |a Littvová, Veronika 
710 2 |a Fakulta podnikového manažmentu EU. Katedra podnikovohospodárska